Star Trek Characters by Picture - Statistics

General Stats
  • This quiz has been taken 6,631 times
  • The average score is 13 of 20
Answer Stats
Picture Answer % Correct
Spock
99%
James T. Kirk
95%
Jean-Luc Picard
91%
Data
86%
Scotty
75%
Lieutenant Worf
73%
Leonard McCoy
72%
Hikaru Sulu
69%
Nyota Uhura
66%
Khaaaaaaannnn!
64%
Geordi La Forge
62%
William Riker
62%
Wesley Crusher
60%
Seven of Nine
59%
Deanna Troi
57%
Kathryn Janeway
55%
Doctor
43%
Benjamin Sisko
41%
Odo
39%
Quark
39%
No matching quizzes found
Score Distribution
Percent of People with Each Score
Percentile by Number Answered
Your Score History
You have not taken this quiz